| 000 | 00817nam a2200217 a 4500 | ||
|---|---|---|---|
| 003 | 0 | ||
| 005 | 20250320142008.0 | ||
| 008 | 060802s19uu xx 00 eng d | ||
| 050 |
_aPGS BF 723.A35.P44 _b.Og35 2006 |
||
| 100 | _aOguro, Yuta K. | ||
| 245 |
_aThe effects of aggresive behavior on peer relationship among grade school students / _cYuta K. Oguro. |
||
| 260 |
_aLas PiƱas City, Philippines : _bSouthville International School and Colleges, _c2006. |
||
| 300 |
_a30 pages : _billustrations ; _c28 cm. |
||
| 504 | _aIncludes bibliographical references. | ||
| 650 | _aAggressiveness in children. | ||
| 650 | _aPeer pressure in children. | ||
| 650 | _aInterpersonal relations in children. | ||
| 650 | _aSocial skills in children. | ||
| 650 |
_aBullying _vPsychological aspects. |
||
| 942 |
_2lcc _cPASS |
||
| 999 |
_c97528 _d97528 |
||